[Event "Tres Cantos op 11th"]
[Site "Tres Cantos"]
[Date "2019.06.27"]
[Round "6"]
[White "Romero Fite, Miguel"]
[Black "Lopez de Turiso, Jose Angel"]
[Result "1-0"]
[WhiteElo "2035"]
[BlackElo "1916"]
[PlyCount "71"]
[EventDate "2019.06.22"]
[EventType "swiss"]
[EventRounds "9"]
[EventCountry "ESP"]
[SourceTitle "CBM 195 Extra"]
[Source "ChessBase"]
[SourceDate "2020.05.31"]
[SourceVersion "1"]
[SourceVersionDate "2020.05.31"]
[SourceQuality "1"]

1. d4 Nf6 2. c4 g6 3. Nc3 Bg7 4. e4 d6 5. Nf3 0-0 6. Be2 e5 7. d5 Nbd7 8. 0-0 a5 9. Bg5 h6 10. Bh4 g5 11. Bg3 Nc5 12. Nd2 Nfxe4 13. Ncxe4 Nxe4 14. Nxe4 f5 15. Nd2 f4 16. Ne4 Bf5 17. Bd3 Bxe4 18. Bxe4 fxg3 19. hxg3 Rf6 20. g4 Rf4 21. f3 a4 22. Qd3 c6 23. dxc6 bxc6 24. Kh2 Rc8 25. g3 Rf7 26. Bf5 Rb8 27. Be6 Rxb2+ 28. Kh1 Kf8 29. Bxf7 Kxf7 30. Rab1 a3 31. Qxa3 Rxb1 32. Rxb1 e4 33. Qa7+ Kg6 34. Rb7 Be5 35. Rb8 Bd4 36. Qb7 1-0

[Event "Mem op Francisco Codes 12th"]
[Site "Madrid"]
[Date "2018.05.06"]
[Round "4.4"]
[White "Romero Fite, Miguel"]
[Black "Giralda Gomez, David"]
[Result "1-0"]
[WhiteElo "1975"]
[BlackElo "1791"]
[PlyCount "87"]
[EventDate "2018.04.08"]
[EventType "swiss"]
[EventRounds "9"]
[EventCountry "ESP"]
[SourceTitle "EXT 2024"]
[Source "ChessBase"]
[SourceDate "2023.10.10"]
[SourceVersion "1"]
[SourceVersionDate "2023.10.10"]
[SourceQuality "1"]

1. d4 d5 2. c4 c6 3. Nf3 Nf6 4. Nc3 dxc4 5. a4 Bf5 6. Ne5 Nbd7 7. Nxc4 e6 8. f3 Bb4 9. Kf2 0-0 10. e4 Bg6 11. Be2 Qc7 12. Be3 Rfd8 13. Rc1 a6 14. g4 e5 15. Qb3 exd4 16. Qxb4 dxe3+ 17. Nxe3 Qf4 18. Rcg1 Ne5 19. g5 Nh5 20. Qe7 Rd7 21. Qa3 Rd2 22. Ng4 Rxe2+ 23. Nxe2 Qxf3+ 24. Qxf3 Nxf3 25. Kxf3 Re8 26. Nc3 b5 27. axb5 cxb5 28. Re1 Rd8 29. Rd1 Re8 30. Rhe1 b4 31. Nd5 a5 32. Ra1 Ra8 33. Ne7+ Kf8 34. Nxg6+ hxg6 35. b3 Rc8 36. Rec1 Rd8 37. Rd1 Rc8 38. Rac1 Ra8 39. Rd7 a4 40. bxa4 b3 41. Rb7 b2 42. Rxb2 Rxa4 43. Rb7 Ra3+ 44. Ne3 1-0

[Event "Tres Cantos op 9th"]
[Site "Tres Cantos"]
[Date "2017.06.29"]
[Round "8"]
[White "Romero Fite, Miguel"]
[Black "Rezola Gimenez, Gonzalo"]
[Result "1-0"]
[WhiteElo "1850"]
[BlackElo "1557"]
[PlyCount "83"]
[EventDate "2017.06.22"]
[EventType "swiss"]
[EventRounds "9"]
[EventCountry "ESP"]
[SourceTitle "EXT 2019"]
[Source "ChessBase"]
[SourceDate "2018.10.10"]
[SourceVersion "1"]
[SourceVersionDate "2018.10.10"]
[SourceQuality "1"]

1. d4 Nf6 2. c4 g6 3. f3 Bg7 4. e4 d6 5. Nc3 Nc6 6. Nge2 0-0 7. Be3 e5 8. d5 Ne7 9. Qd2 Ne8 10. g4 f5 11. gxf5 gxf5 12. Bh6 Ng6 13. 0-0-0 Qh4 14. Bg5 Qh5 15. Ng3 Qxf3 16. Be2 Qg2 17. Rdg1 Qf2 18. Be3 Qxg1+ 19. Bxg1 f4 20. Nf5 Bxf5 21. exf5 Rxf5 22. Bd3 Rh5 23. Kb1 Bh6 24. Qd1 Nf6 25. Ne4 Rf5 26. Nxd6 Rg5 27. Ne4 Nxe4 28. Bxe4 Bf8 29. h4 Rg3 30. Bf2 Be7 31. Bxg3 fxg3 32. Qg4 Rf8 33. Qxg3 Kf7 34. Bxg6+ hxg6 35. Rf1+ Bf6 36. Qxe5 Kg7 37. Qxc7+ Rf7 38. Qf4 b5 39. cxb5 a6 40. Qxf6+ Kg8 41. Qxf7+ Kh8 42. Qf8+ 1-0

[Event "Tres Cantos op 9th"]
[Site "Tres Cantos"]
[Date "2017.06.23"]
[Round "2"]
[White "Alfaya Marcelo, Roberto"]
[Black "Romero Fite, Miguel"]
[Result "1/2-1/2"]
[WhiteElo "2132"]
[BlackElo "1850"]
[PlyCount "37"]
[EventDate "2017.06.22"]
[EventType "swiss"]
[EventRounds "9"]
[EventCountry "ESP"]
[SourceTitle "EXT 2019"]
[Source "ChessBase"]
[SourceDate "2018.10.10"]
[SourceVersion "1"]
[SourceVersionDate "2018.10.10"]
[SourceQuality "1"]

1. d4 Nf6 2. c4 g6 3. Nc3 Bg7 4. e4 d6 5. h3 0-0 6. Be3 c5 7. d5 e6 8. Nf3 exd5 9. exd5 b5 10. cxb5 Nbd7 11. Nd2 Nb6 12. Nc4 Re8 13. Nxb6 axb6 14. Be2 Ne4 15. Na4 Ng3 16. Rg1 Nf5 17. Bd2 Nd4 18. Be3 Nf5 19. Bd2 1/2-1/2

[Event "Madrid Los Angeles op 10th"]
[Site "Madrid"]
[Date "2016.04.17"]
[Round "3"]
[White "Romero Fite, Miguel"]
[Black "Largo Barbero, Benito"]
[Result "0-1"]
[WhiteElo "1669"]
[BlackElo "1944"]
[PlyCount "48"]
[EventDate "2016.04.03"]
[EventType "swiss"]
[EventRounds "9"]
[EventCountry "ESP"]
[SourceTitle "CBM 172 Extra"]
[Source "ChessBase"]
[SourceDate "2016.06.21"]
[SourceVersion "1"]
[SourceVersionDate "2016.06.21"]
[SourceQuality "1"]

1. e4 Nf6 2. e5 Nd5 3. d4 d6 4. c4 Nb6 5. exd6 exd6 6. Be3 Nc6 7. Bd3 Be7 8. Ne2 0-0 9. 0-0 f5 10. Nbc3 Bg5 11. Qd2 Bxe3 12. Qxe3 Qf6 13. Nb5 f4 14. Qf3 Bd7 15. Nxc7 Rac8 16. Nd5 Nxd5 17. Qxd5+ Kh8 18. a3 Ne7 19. Qxb7 Bc6 20. Qxa7 f3 21. gxf3 Qxf3 22. d5 Nxd5 23. Nd4 Qg4+ 24. Kh1 Ne3+ 0-1

[Event "Guadalajara-chT"]
[Site "Guadalajara"]
[Date "2016.03.05"]
[Round "7.2"]
[White "Romero Fite, Miguel"]
[Black "Chudyk, Vladimir"]
[Result "1-0"]
[WhiteElo "1755"]
[BlackElo "1254"]
[PlyCount "65"]
[EventDate "2016.01.23"]
[EventType "team-tourn"]
[EventRounds "9"]
[EventCountry "ESP"]
[SourceTitle "EXT 2017"]
[Source "ChessBase"]
[SourceDate "2016.10.25"]
[SourceVersion "1"]
[SourceVersionDate "2016.10.25"]
[SourceQuality "1"]
[WhiteTeam "Los Caballeros de Alcala"]
[BlackTeam "Guadalajara Junior"]
[WhiteTeamCountry "ESP"]
[BlackTeamCountry "ESP"]

1. e4 c5 2. Nf3 d6 3. d4 cxd4 4. Nxd4 Nf6 5. Nc3 g6 6. Be3 Bg7 7. f3 0-0 8. Qd2 Nc6 9. Bc4 Bd7 10. 0-0-0 Qa5 11. Bb3 Rfc8 12. g4 Ne5 13. Kb1 Rxc3 14. Qxc3 Qd8 15. h4 a5 16. a3 h5 17. Qd2 Kh7 18. gxh5 Nxh5 19. Rhg1 Be8 20. f4 a4 21. Ba2 Nxf4 22. Bxf4 Qb6 23. c3 Rc8 24. Be3 Qc7 25. h5 gxh5 26. Rxg7+ Kxg7 27. Bh6+ Kh7 28. Qg5 Ng6 29. Qxh5 e6 30. Bg5+ Kg8 31. Bf6 Bc6 32. Qh6 Bxe4+ 33. Ka1 1-0

[Event "Villalba op 3rd"]
[Site "Villalba"]
[Date "2015.08.16"]
[Round "9"]
[White "Andrade Sandoval, Bianca"]
[Black "Romero Fite, Miguel"]
[Result "0-1"]
[WhiteElo "1705"]
[BlackElo "1733"]
[PlyCount "92"]
[EventDate "2015.08.09"]
[EventType "swiss"]
[EventRounds "9"]
[EventCountry "ESP"]
[SourceTitle "EXT 2024"]
[Source "ChessBase"]
[SourceDate "2023.10.10"]
[SourceVersion "1"]
[SourceVersionDate "2023.10.10"]
[SourceQuality "1"]

1. d4 Nf6 2. Nf3 g6 3. c4 Bg7 4. Nc3 0-0 5. e4 d6 6. Be2 e5 7. dxe5 dxe5 8. Qxd8 Rxd8 9. Bg5 Re8 10. Rd1 c6 11. Nxe5 Nxe4 12. Nxe4 Bxe5 13. Bf6 Nd7 14. Bxe5 Rxe5 15. f3 Kg7 16. Kf2 Re8 17. Nd6 Re7 18. Ne4 Nf8 19. h4 Bf5 20. Bd3 Ne6 21. h5 Nf4 22. h6+ Kf8 23. Bb1 Bxe4 24. Bxe4 f5 25. Bb1 Re2+ 26. Kg3 Nh5+ 27. Kh2 Rxb2 28. Rhe1 Re8 29. Rxe8+ Kxe8 30. Rg1 Kf7 31. Kh1 Ng3+ 32. Kh2 Ne2 33. Rf1 Ke7 34. Re1 Kd6 35. Rd1+ Kc7 36. Re1 Kd7 37. Rd1+ Ke7 38. Re1 Kf6 39. Bd3 Nf4 40. Bf1 Kg5 41. Re7 Kxh6 42. Kg3 Nh5+ 43. Kh4 g5+ 44. Kh3 Rb1 45. g4 Nf4+ 46. Kg3 Rxf1 0-1

[Event "Villalba op 3rd"]
[Site "Villalba"]
[Date "2015.08.10"]
[Round "2"]
[White "Romero Fite, Miguel"]
[Black "Santos Valdivia, Victor Manuel"]
[Result "1-0"]
[WhiteElo "1733"]
[BlackElo "1469"]
[PlyCount "57"]
[EventDate "2015.08.09"]
[EventType "swiss"]
[EventRounds "9"]
[EventCountry "ESP"]
[SourceTitle "EXT 2024"]
[Source "ChessBase"]
[SourceDate "2023.10.10"]
[SourceVersion "1"]
[SourceVersionDate "2023.10.10"]
[SourceQuality "1"]

1. e4 e6 2. d4 d5 3. Nd2 c5 4. Ngf3 Nc6 5. c3 Qb6 6. exd5 exd5 7. Qe2+ Be6 8. dxc5 Bxc5 9. Nb3 Be7 10. Be3 Qc7 11. g3 Nf6 12. Bg2 0-0 13. 0-0 Qc8 14. Rfe1 Re8 15. Qc2 Bh3 16. Bh1 h6 17. Rad1 Bg4 18. Rd2 Bf5 19. Qc1 Be4 20. Nfd4 Bd6 21. Bxe4 dxe4 22. Nxc6 Qxc6 23. Qc2 Re6 24. Nd4 Qd7 25. Nxe6 Qxe6 26. Bd4 Bf4 27. Rde2 Qd5 28. Bxf6 Qh5 29. Rxe4 1-0

[Event "Madrid Codes Memorial 9th"]
[Site "Madrid"]
[Date "2015.04.12"]
[Round "2"]
[White "Romero Fite, Miguel"]
[Black "Ramos Antona, Enrique"]
[Result "1-0"]
[WhiteElo "1618"]
[BlackElo "1584"]
[PlyCount "99"]
[EventDate "2015.03.29"]
[EventType "swiss"]
[EventRounds "9"]
[EventCountry "ESP"]
[SourceTitle "EXT 2019"]
[Source "ChessBase"]
[SourceDate "2018.10.10"]
[SourceVersion "1"]
[SourceVersionDate "2018.10.10"]
[SourceQuality "1"]

1. e4 c5 2. Nf3 d6 3. d4 cxd4 4. Nxd4 Nf6 5. Nc3 a6 6. f3 e5 7. Nb3 Be6 8. Be3 Be7 9. g4 b5 10. Qd2 b4 11. Ne2 a5 12. g5 Nh5 13. h4 a4 14. Nbc1 Nc6 15. Nd3 Qa5 16. f4 exf4 17. Nexf4 Nxf4 18. Nxf4 Ne5 19. Be2 Nc4 20. Bxc4 Bxc4 21. Nd5 Bxd5 22. Qxd5 Qxd5 23. exd5 f6 24. 0-0-0 fxg5 25. hxg5 0-0 26. Rdf1 Ra5 27. Rxf8+ Kxf8 28. Rxh7 Rxd5 29. Rh8+ Kf7 30. Rb8 Bxg5 31. Bxg5 Rxg5 32. Rxb4 Ra5 33. Rb7+ Kf6 34. Rb6 Ke5 35. Kd2 g5 36. Rb4 Kf5 37. Ke3 d5 38. c3 a3 39. b3 Rc5 40. Kd4 Ra5 41. Rb8 Kf4 42. b4 Ra7 43. Kxd5 Rd7+ 44. Kc4 g4 45. b5 Rg7 46. b6 g3 47. b7 g2 48. Rf8+ Ke4 49. b8Q g1Q 50. Qe8+ 1-0